000
00362nam a2200169Ia 4500
003
IT-RoPAU
008
120407s9999 xx 000 0 und d
040
_a
IT-RoPAU
040
_c
IT-RoPAU
100
_a
AD. Tanquerey
245
_a
Brevior Synopsis Theologiae Dogmaticae
260
_a
Desclée
300
_c
cm
490
_v
1
942
_c
BK
999
_c
2572
_d
2572